35 Most Famous Cities in Saudi Arabia on a Map - Statistics

General Stats
  • This quiz has been taken 80 times
  • The average score is 11 of 36
Answers on the Map
Answers color-coded by a green-red scale on the quiz's map according to % correct below.
 
Answer Stats
Wiki Monthly Views Cityquiz Mention Rate Population Answers % Correct
101.96K 30.49% 3712.92K Jeddah
96%
341.14K 52.38% 2385.51K Mecca
96%
159.99K 38.98% 1411.60K Medina
96%
158.71K 54.72% 6924.57K Riyadh
96%
32.98K 8.76% 1386.17K Dammam
79%
20.30K 1.06% 729.61K Hofuf
47%
17.78K 3.44% 594.35K Tabuk
42%
29.74K 2.64% 563.28K Taif
42%
14.62K 2.37% 448.62K Ḥail
40%
12.20K 1.45% 381.43K Najran
38%
20.54K 1.75% 334.29K Abha
32%
20.13K 0.92% 409.55K Khobar
30%
12.94K 1.19% 331.92K Yanbu
30%
11.77K 1.43% 571.17K Buraidah
28%
12.17K 1.39% 173.92K Jizan
26%
11.85K 0.85% 474.68K Jubail
26%
7.03K 0.52% 295.46K Al-Kharj/Al Saih
23%
7.48K 0.96% 199.25K Arar
23%
9.02K 0.29% 90.52K Al Bahah
21%
11.35K 0.67% 387.10K Hafar al-Batin
21%
9.28K 0.77% 535.07K Khamis Mushait
21%
6.17K - 183.32K Unaizah
17%
15.50K 0.62% 143.94K Dhahran
15%
12.54K 0.63% 87.33K Qatif
15%
4.71K 1.02% 204.17K Sakakah
13%
5.78K 0.43% 115.54K Bisha
11%
17.04K - 61.61K Diriyah
11%
5.26K - 78.69K Khafji
11%
5.17K - 42.45K Al Qunfudhah
9%
4.67K 0.25% 107.90K Ar Rass
9%
10.55K - 15.89K Khaybar
9%
4.77K 0.10% 72.93K Rabigh
9%
5.21K - 77.43K Wadi ad-Dawasir
9%
24.72K 0.15% 40.76K Al-Ula
8%
5.26K 0.15% 30.49K Badr
8%
5.27K 0.01% 57.03K Ras Tanura
8%
No matching quizzes found
Score Distribution
Percent of People with Each Score
Percentile by Number Answered
Your Score History
You have not taken this quiz